<?xml version="1.0" encoding="UTF-8"?>
<collection xmlns="http://www.loc.gov/MARC21/slim">
  <record>
    <leader>00000nam  2200000   4500</leader>
    <controlfield tag="001">INLIS000000000810232</controlfield>
    <controlfield tag="005">20251118100233</controlfield>
    <datafield tag="035" ind1="#" ind2="#">
      <subfield code="a">0010-1125000086</subfield>
    </datafield>
    <datafield tag="245" ind1="#" ind2="#">
      <subfield code="a">Bisnis tanpa riba :</subfield>
      <subfield code="b">Pedoman aman agar selamat dari jerat jerat riba /</subfield>
      <subfield code="c">Al Ustadz Abu Abdillah Afifudin As sidawi</subfield>
    </datafield>
    <datafield tag="300" ind1="#" ind2="#">
      <subfield code="a">119 ;</subfield>
      <subfield code="c">24 cm</subfield>
    </datafield>
    <datafield tag="260" ind1="#" ind2="#">
      <subfield code="a">Sleman :</subfield>
      <subfield code="b">attuqa,</subfield>
      <subfield code="c">2020</subfield>
    </datafield>
    <datafield tag="082" ind1="#" ind2="#">
      <subfield code="a">297.273</subfield>
    </datafield>
    <datafield tag="084" ind1="#" ind2="#">
      <subfield code="a">297.273 AFI b</subfield>
    </datafield>
  </record>
</collection>
